000 00605nam a2200205Ia 4500
003 OSt
005 20260116103504.0
008 210210b1944 xxu||||| |||| 00| 0 eng d
040 _cAL
041 _aKannada
082 _a859/847
100 _aDEVUDU
_9145053
_dದೇವುಡು.
245 _aGhati muduka mattu itara kathegalu:
_bಘಾಟಿ ಮುದುಕ ಮತ್ತು ಇತರ ಕಥೆಗಳು
260 _aDharavada
_bPrathibha Granthamale.,
_c1944
650 _amattu
_9145055
650 _aitara
_9145057
690 _aKannada Fiction
_9145059
906 _a021606
942 _2ddc
_cBK
999 _c145694
_d145694